<?xml version="1.0" encoding="UTF-8"?>
<collection xmlns="http://www.loc.gov/MARC21/slim">
    <record>
        <controlfield tag="001">97023</controlfield>
        <controlfield tag="005">20201130100756.0</controlfield>
        <datafield tag="024" ind1="8" ind2=" ">
            <subfield code="2">sideral</subfield>
            <subfield code="a">120841</subfield>
        </datafield>
        <datafield tag="037" ind1=" " ind2=" ">
            <subfield code="a">ART-2020-120841</subfield>
        </datafield>
        <datafield tag="041" ind1=" " ind2=" ">
            <subfield code="a">spa</subfield>
        </datafield>
        <datafield tag="100" ind1=" " ind2=" ">
            <subfield code="0">(orcid)0000-0001-6730-8796</subfield>
            <subfield code="a">Carreras Manero, Olga Berta</subfield>
            <subfield code="u">Universidad de Zaragoza</subfield>
        </datafield>
        <datafield tag="245" ind1=" " ind2=" ">
            <subfield code="a">La línea continuista en la apuesta por el gasto social en los presupuestos de la Comunidad Autónoma de Aragón para el ejercicio 2020</subfield>
        </datafield>
        <datafield tag="260" ind1=" " ind2=" ">
            <subfield code="c">2020</subfield>
        </datafield>
        <datafield tag="506" ind1="0" ind2=" ">
            <subfield code="a">Access copy available to the general public</subfield>
            <subfield code="f">Unrestricted</subfield>
        </datafield>
        <datafield tag="520" ind1="3" ind2=" ">
            <subfield code="a">En el presente artículo se lleva a cabo un análisis del contenido de la Ley de Presupuestos de la Comunidad Autónoma de Aragón para el ejercicio 2020, diferenciando la parte correspondiente a los estados financieros de dicha Ley, de la dispositiva (articulado). Asimismo, se destacan las principales novedades que presenta la citada norma respecto de los presupuestos aprobados en el ejercicio 2018, en la medida en que los mismos fueron objeto de prórroga para el año 2019.</subfield>
        </datafield>
        <datafield tag="540" ind1=" " ind2=" ">
            <subfield code="9">info:eu-repo/semantics/openAccess</subfield>
            <subfield code="a">by-nc-nd</subfield>
            <subfield code="u">http://creativecommons.org/licenses/by-nc-nd/3.0/es/</subfield>
        </datafield>
        <datafield tag="655" ind1=" " ind2="4">
            <subfield code="a">info:eu-repo/semantics/article</subfield>
            <subfield code="v">info:eu-repo/semantics/publishedVersion</subfield>
        </datafield>
        <datafield tag="710" ind1="2" ind2=" ">
            <subfield code="1">4003</subfield>
            <subfield code="2">150</subfield>
            <subfield code="a">Universidad de Zaragoza</subfield>
            <subfield code="b">Dpto. Derecho de la Empresa</subfield>
            <subfield code="c">Área Dcho. Financiero y Tribu.</subfield>
        </datafield>
        <datafield tag="773" ind1=" " ind2=" ">
            <subfield code="g">55 (2020), 260-277</subfield>
            <subfield code="p">Rev. aragon. adm. pública</subfield>
            <subfield code="t">Revista aragonesa de administración pública</subfield>
            <subfield code="x">1133-4797</subfield>
        </datafield>
        <datafield tag="856" ind1="4" ind2="1">
            <subfield code="u">http://bibliotecavirtual.aragon.es/bva/i18n/publicaciones/listar_numeros.cmd?busq_idPublicacion=18205&amp;busq_anyo=2020&amp;submit=Buscar</subfield>
            <subfield code="z">Texto completo de la revista</subfield>
        </datafield>
        <datafield tag="856" ind1="4" ind2=" ">
            <subfield code="s">101445</subfield>
            <subfield code="u">http://zaguan.unizar.es/record/97023/files/texto_completo.pdf</subfield>
            <subfield code="y">Versión publicada</subfield>
        </datafield>
        <datafield tag="856" ind1="4" ind2=" ">
            <subfield code="s">10373</subfield>
            <subfield code="u">http://zaguan.unizar.es/record/97023/files/texto_completo.jpg?subformat=icon</subfield>
            <subfield code="x">icon</subfield>
            <subfield code="y">Versión publicada</subfield>
        </datafield>
        <datafield tag="909" ind1="C" ind2="O">
            <subfield code="o">oai:zaguan.unizar.es:97023</subfield>
            <subfield code="p">articulos</subfield>
            <subfield code="p">driver</subfield>
        </datafield>
        <datafield tag="951" ind1=" " ind2=" ">
            <subfield code="a">2020-11-30-07:53:34</subfield>
        </datafield>
        <datafield tag="980" ind1=" " ind2=" ">
            <subfield code="a">ARTICLE</subfield>
        </datafield>
    </record>

    
</collection>